US Catholic Dioceses Map Quiz - West - Statistics

General Stats
  • This quiz has been taken 111 times
  • The average score is 22 of 27
Answers on the Map
Answers color-coded by a green-red scale on the quiz's map according to % correct below.
 
Answer Stats
Diocese % Correct
Archdiocese of Portland
100%
Archdiocese of San Francisco
100%
Archdiocese of Seattle
100%
Diocese of Salt Lake City
100%
Archdiocese of Denver
99%
Archdiocese of Los Angeles
99%
Diocese of Boise
99%
Diocese of Las Vegas
99%
Diocese of San Diego
99%
Diocese of Sacramento
96%
Diocese of Cheyenne
95%
Diocese of Helena
95%
Diocese of Colorado Springs
93%
Diocese of Reno
92%
Diocese of San Jose
89%
Diocese of Spokane
85%
Diocese of Great Falls-Billings
84%
Diocese of Fresno
81%
Diocese of Oakland
77%
Diocese of Orange
71%
Diocese of San Bernardino
71%
Diocese of Baker
63%
Diocese of Pueblo
58%
Diocese of Stockton
55%
Diocese of Yakima
51%
Diocese of Monterey
49%
Diocese of Santa Rosa
44%
No matching quizzes found
Score Distribution
Percent of People with Each Score
Percentile by Number Answered
Your Score History
You have not taken this quiz